Statistics for Ed Sheeran Songs

Click here to take the quiz!

General Stats

  • This quiz has been taken 1,414 times
  • The average score is 8 of 14

Answer Stats

Hint Answer % Correct
''Stuck in her daydream Been this way since eighteen''the A-Team
97%
''When things go wrong we can knock it down''Lego House
86%
''But a house gets cold when you cut the heating Without you to hold I'll be freezing''Drunk
69%
''I need you darling, come on set the tone If you feel you’re falling, won’t you let me know''Sing
68%
''You might be left with my hair, but you'll have your mother's eyes,''Small Bump
58%
''I'm not you, now that would be disastrous Let me sing and do my thing and move to greener pastures ''You Need Me I Don't Need You
57%
'''Cause lately I've been waking up alone, Paint splattered teardrops on my shirt, Told you I'd let them go,''Give Me Love
55%
''I found your hairband on my bedroom floor The only evidence that you've been here before''UNI
54%
''Settle down with me And I'll be your safety You'll be my lady''Kiss Me
54%
''Now, my eyes are a river filler, This drink is a liver killer,''Grade 8
42%
''But if I kiss you Will your mouth read this truth? Darling, how I miss you Strawberries taste how lips do''Little Bird
42%
''London calls me a stranger A traveller This is now my home, my home''The City
40%
''Another day another life Passes by just like mine It's not complicated''Autumn Leaves
34%
''Smoke alarm went off at 9 I woke up, wiped the sleep out of my eyes She left a note "I'll be back in 5"''Gold Rush
31%

Score Distribution

Percentile by Number Answered

Percent of People with Each Score

Your Score History

You have not taken this quiz